| Tag |
First Indicator |
Second Indicator |
Subfields |
| LEADER |
00000cam a2200000 a 4500 |
| 001 |
in00000024677 |
| 005 |
20151007054350.0 |
| 008 |
870630s1988 nyu b 00100 eng |
| 010 |
|
|
|a 87017188
|
| 020 |
|
|
|a 0029087902
|
| 035 |
|
|
|a (OCoLC)16353151
|
| 035 |
|
|
|9 AAB4820AM
|
| 040 |
|
|
|a DLC
|c DLC
|d TXA
|d UtOrBLW
|
| 043 |
|
|
|a n-us---
|
| 049 |
|
|
|a TXAM
|c [A11097758]
|
| 050 |
0 |
0 |
|a LB2328
|b .C578 1988
|
| 082 |
0 |
|
|a 378/.052
|2 19
|
| 245 |
0 |
0 |
|a Colleges of choice :
|b the enabling impact of the community college /
|c edited by Judith S. Eaton.
|
| 264 |
|
1 |
|a New York :
|b American Council on Education :
|b Macmillan,
|c [1988]
|
| 264 |
|
4 |
|c ©1988
|
| 300 |
|
|
|a x, 258 pages ;
|c 25 cm.
|
| 336 |
|
|
|a text
|b txt
|2 rdacontent
|
| 337 |
|
|
|a unmediated
|b n
|2 rdamedia
|
| 338 |
|
|
|a volume
|b nc
|2 rdacarrier
|
| 490 |
1 |
|
|a The American Council on Education/Macmillan series in higher education
|
| 504 |
|
|
|a Includes bibliographies and index.
|
| 650 |
|
0 |
|a Community colleges
|z United States.
|
| 650 |
|
0 |
|a Community colleges
|z United States
|x Administration.
|
| 700 |
1 |
|
|a Eaton, Judith S.
|
| 830 |
|
0 |
|a American Council on Education/Macmillan series on higher education.
|
| 999 |
|
|
|a MARS
|
| 999 |
f |
f |
|s 6ac0d4ec-3d6c-368c-83fe-e29ed419339c
|i 5799d264-30c8-37d6-bbef-e622a65d1522
|t 0
|
| 952 |
f |
f |
|p normal
|a Texas A&M University
|b College Station
|c Sterling C. Evans Library
|d Evans: Library Stacks
|t 0
|e LB2328 .C578 1988
|h Library of Congress classification
|i unmediated -- volume
|m A14811097758
|
| 998 |
f |
f |
|a LB2328 .C578 1988
|t 0
|l Evans: Library Stacks
|